| 000 | 00589nam a22002057a 4500 | ||
|---|---|---|---|
| 003 | DO-SdBNP | ||
| 005 | 20171102143757.0 | ||
| 008 | 171102b 2000|||| |||| 00| 0 spa d | ||
| 020 | _a848130140X | ||
| 040 |
_aBPMSU _bspa _cBPMSU |
||
| 100 | 1 | _aDefoe, Daniel | |
| 245 | 1 | 0 |
_aRobison Crusoe / _cDaniel Defoe ; traducción Domingo Santos |
| 260 |
_aSanto Domingo : _bEl Siglo, _c2000. |
||
| 300 |
_a318 p. ; _c21 cm. |
||
| 490 | 1 |
_aJoyas del milenio _v18 |
|
| 700 | 1 |
_aSantos, Domingo, _etr. |
|
| 830 | 0 |
_aJoyas del milenio _n18 |
|
| 942 |
_2ddc _cBK |
||
| 956 |
_aBTAVAREZ _b10 _c20170211 _d0038 |
||
| 999 |
_c12748 _d12748 |
||